000 00445nam a22001817a 4500
003 CEME
005 20210628202750.0
008 210125b xxu||||| |||| 00| 0 eng d
020 _a81-219-0527-3
040 _c.
082 _a510 ARO
100 _aArora, P. N Arora . S
_961507
245 _aMathematics c.a foundation course
260 _aNEW DELHI
_bS.CHAND
_c2006
300 _a605 P
650 _aMATHEMATICS
_919533
942 _cBK
_2ddc
999 _c570939
_d570939